| 000 | 00666nam a2200241 a 4500 | ||
|---|---|---|---|
| 001 | 14178 | ||
| 003 | BD-JhCC | ||
| 005 | 20250208130657.0 | ||
| 008 | 250208b2015 e a|||| ||a| 001 0 eng d | ||
| 020 | _a9781785670206 | ||
| 035 | _a(BD-JhCC)14178 | ||
| 040 |
_aBD-JhCC _dBD-JhCC |
||
| 041 | _aenglish | ||
| 082 |
_a158 _bFER 2015 |
||
| 100 | _a Ferriss,Timothy | ||
| 245 |
_aThe 4 Hour Work week: _bEscape 9-5, Live Anywhere and Join the New Rich / _cTimothy Ferriss. |
||
| 260 |
_a London: _bBokish Ltd; _c 2015. |
||
| 300 |
_a280 p. : _bill; _c21 cm. |
||
| 651 | _aSelf-help and meditation | ||
| 700 | _a Britton,Dorothy | ||
| 942 |
_2ddc _cBK |
||
| 999 |
_c14178 _d14178 |
||